| 000 | 00450nam a22001697a 4500 | ||
|---|---|---|---|
| 005 | 20240110115604.0 | ||
| 008 | 210306b ||||| |||| 00| 0 eng d | ||
| 020 | _a81-219-4246-2 | ||
| 041 | _aeng | ||
| 082 | _a615.19 | ||
| 100 |
_aREDDY, DR. A. VENKATESHWAR , JAYAVEERA Dr. K.N AND SREENIVASULU Dr. V _98253 |
||
| 245 | _aPHARMACEUTICAL MICROBIOLOGY | ||
| 260 |
_aRAMNAGAR _bS.CHAND _c2014 |
||
| 300 | _a178,p | ||
| 650 | _aPHARMACY | ||
| 942 | _cBK | ||
| 999 |
_c7543 _d7541 |
||